Ионы в растворах: пер. с англ.

Bibliografske podrobnosti
Glavni avtor: Гэрни Р. Рональд
Izvleček:Книга Гэрни посвящена применению современных атомных представлений к теории электролитов и электродных процессов. Гэрни подробно рассматривает условия устойчивости ионов в растворе по отношению к столкновениям с электродом, друг с другом и с молекулами растворителя. Книга предполагает самые элементарные сведения по квантовой механике (квантование энергетических уровней и прохождение электронов под барьером) и по статистике (распределение Максвелла-Больцмана).
Jezik:ruščina
Izdano: Ленинград, ГОНТИ НКТП СССР, 1938
Teme:
Format: Knjiga
KOHA link:https://koha.lib.tpu.ru/cgi-bin/koha/opac-detail.pl?biblionumber=351365

MARC

LEADER 00000nam0a2200000 4500
001 351365
005 20231102010409.0
035 |a (RuTPU)RU\TPU\retro\6391 
090 |a 351365 
100 |a 20190603d1938 k y0rusy50 ca 
101 1 |a rus  |c eng 
102 |a RU 
105 |a a z 000zy 
200 1 |a Ионы в растворах  |e пер. с англ.  |f Р. Гэрни 
210 |a Ленинград  |a Москва  |c ГОНТИ НКТП СССР  |c Главная редакция технико-теоретической литературы  |d 1938 
215 |a 210 с.  |c ил. 
316 |5 63413507: КР-6473  |a На переднем форзаце владельческая подпись: "А. Воробьев" 
317 |5 63413507: КР-6473  |a Поступил в НТБ в 1987 г. в дар от вдовы ученого Е. К. Завадовской 
330 |a Книга Гэрни посвящена применению современных атомных представлений к теории электролитов и электродных процессов. Гэрни подробно рассматривает условия устойчивости ионов в растворе по отношению к столкновениям с электродом, друг с другом и с молекулами растворителя. Книга предполагает самые элементарные сведения по квантовой механике (квантование энергетических уровней и прохождение электронов под барьером) и по статистике (распределение Максвелла-Больцмана). 
606 1 |a Растворы  |x Химия  |2 stltpush  |3 (RuTPU)RU\TPU\subj\23901  |9 48393 
606 1 |a Растворы  |x Электрохимия  |2 stltpush  |3 (RuTPU)RU\TPU\subj\23902  |9 48394 
610 1 |a химия 
610 1 |a электролиты 
610 1 |a электродные процессы 
610 1 |a ионы 
610 1 |a растворение 
610 1 |a ионные кристаллы 
610 1 |a атомные ионы 
610 1 |a молекулярные ионы 
610 1 |a столкновения 
610 1 |a электроды 
610 1 |a диссоциация 
610 1 |a ионизация 
610 1 |a библиотека А. А. Воробьева 
610 1 |a владельческая надпись 
675 |a 544.35:544.6  |v 4 
700 1 |a Гэрни  |b Р.  |g Рональд 
801 1 |a RU  |b 63413507  |c 20190603 
801 2 |a RU  |b 63413507  |c 20200110  |g RCR 
942 |c BK